Henrietta meets someone new / by Fred M. Rogers ; illustrated by Jason Art Studios.
Henrietta Meets Someone New is about a visitor to the Neighborhood of Make-Believe. The story begins with Henrietta Pussycat strolling comfortably through the Neighborhood thinking about how happy she is to live among her close friends. As she approaches Grandpere's tower, Henrietta realizes that a visitor is on her way. Henrietta becomes upset at the idea of a visitor disrupting the happiness of the Neighborhood and finds X the Owl to share he feelings of distress. As the rest of the Neighborhood prepares for the visitor's arrival -- by this point, it is established that the visitor is Grandpere's granddaughter, Colette -- Henrietta continues to be upset about the arrival of someone new to the Neighborhood. Upon Colette's arrival, however, Henrietta's distress turns to excitement as she shows Colette the way to Grandpere's tower.
Record details
- ISBN: 9780593119976
- ISBN: 0593119975
- Physical Description: 1 volume (unpaged) : color illustrations ; 21 cm
- Publisher: New York : Golden Books, an imprint of Random House Children's Books, [2019]
Search for related items by subject
| Subject: | Worry > Juvenile fiction. Cats > Juvenile fiction. Neighborhoods > Juvenile fiction. Mister Rogers' neighborhood (Television program) Self-esteem > Fiction. Imaginary companions > Fiction. |
| Genre: | Juvenile works. Picture books. |
Search for related items by series
Available copies
- 1 of 1 copy available at scottsboropl.
Holds
- 0 current holds with 1 total copy.
Show Only Available Copies
| Location | Call Number / Copy Notes | Barcode | Shelving Location | Status | Due Date |
|---|---|---|---|---|---|
| scottsboropl | E Rog | 32269001200693 | Juvenile - Easy | Available | - |
| LDR | 01990cam a2200505 i 4500 | ||
|---|---|---|---|
| 001 | 158242 | ||
| 003 | SBPL | ||
| 005 | 20220506162157.0 | ||
| 008 | 200122t20192019nyua j 000 1 eng d | ||
| 010 | . | ‡a 2019285936 | |
| 020 | . | ‡a9780593119976 ‡q(trade) | |
| 020 | . | ‡a0593119975 ‡q(trade) | |
| 035 | . | ‡a(OCoLC)on1086563668 | |
| 050 | 0 | 0. | ‡aPZ7.R63 ‡bHen 2019 |
| 082 | 0 | 4. | ‡a[E] |
| 100 | 1 | . | ‡aRogers, Fred,: ‡eauthor. |
| 245 | 1 | 0. | ‡aHenrietta meets someone new / ‡cby Fred M. Rogers ; illustrated by Jason Art Studios. |
| 264 | 1. | ‡aNew York : ‡bGolden Books, an imprint of Random House Children's Books, ‡c[2019] | |
| 300 | . | ‡a1 volume (unpaged) : ‡bcolor illustrations ; ‡c21 cm | |
| 336 | . | ‡atext ‡btxt ‡2rdacontent | |
| 337 | . | ‡aunmediated ‡bn ‡2rdamedia | |
| 338 | . | ‡avolume ‡bnc ‡2rdacarrier | |
| 490 | 1 | . | ‡aA Little Golden book |
| 520 | . | ‡aHenrietta Meets Someone New is about a visitor to the Neighborhood of Make-Believe. The story begins with Henrietta Pussycat strolling comfortably through the Neighborhood thinking about how happy she is to live among her close friends. As she approaches Grandpere's tower, Henrietta realizes that a visitor is on her way. Henrietta becomes upset at the idea of a visitor disrupting the happiness of the Neighborhood and finds X the Owl to share he feelings of distress. As the rest of the Neighborhood prepares for the visitor's arrival -- by this point, it is established that the visitor is Grandpere's granddaughter, Colette -- Henrietta continues to be upset about the arrival of someone new to the Neighborhood. Upon Colette's arrival, however, Henrietta's distress turns to excitement as she shows Colette the way to Grandpere's tower. | |
| 650 | 0. | ‡aWorry ‡vJuvenile fiction. | |
| 650 | 0. | ‡aCats ‡vJuvenile fiction. | |
| 650 | 0. | ‡aNeighborhoods ‡vJuvenile fiction. | |
| 630 | 0 | 0. | ‡aMister Rogers' neighborhood (Television program) |
| 650 | 1. | ‡aSelf-esteem ‡vFiction. | |
| 650 | 1. | ‡aImaginary companions ‡vFiction. | |
| 655 | 7. | ‡aJuvenile works. | |
| 655 | 7. | ‡aPicture books. ‡2lcgft | |
| 710 | 2 | . | ‡aJason Art Studios. |
| 730 | 0 | . | ‡aMister Rogers' neighborhood (Television program) |
| 830 | 0. | ‡aLittle golden books. | |
| 901 | . | ‡a158242 ‡b ‡c158242 ‡tbiblio | |